Feminist perspectives on law : (Record no. 11771)
[ view plain ]
| 000 -LEADER | |
|---|---|
| fixed length control field | 00832nam a22002292 4500 |
| 001 - CONTROL NUMBER | |
| control field | 0000025518 |
| 005 - DATE AND TIME OF LATEST TRANSACTION | |
| control field | 20151217154551.0 |
| 008 - FIXED-LENGTH DATA ELEMENTS--GENERAL INFORMATION | |
| fixed length control field | 151014s xx 000 0 eng d |
| 020 ## - INTERNATIONAL STANDARD BOOK NUMBER | |
| International Standard Book Number | 0421597501 : |
| 040 ## - CATALOGING SOURCE | |
| Original cataloging agency | KABU |
| Transcribing agency | KABU |
| 100 1# - MAIN ENTRY--PERSONAL NAME | |
| Personal name | Bridgemen, Jo. |
| -- | 0000186210 |
| 245 10 - TITLE STATEMENT | |
| Title | Feminist perspectives on law : |
| Remainder of title | law's engagement with the female body / |
| Statement of responsibility, etc. | Jo Bridgemen, Susan Millns. |
| 260 ## - PUBLICATION, DISTRIBUTION, ETC. (IMPRINT) | |
| Place of publication, distribution, etc. | London : |
| Name of publisher, distributor, etc. | Thomson Reuters, |
| Date of publication, distribution, etc. | 1998. |
| 300 ## - PHYSICAL DESCRIPTION | |
| Extent | xxxiii, 769 p. |
| 650 #0 - SUBJECT ADDED ENTRY--TOPICAL TERM | |
| Topical term or geographic name as entry element | Women |
| General subdivision | Legal status, laws, etc |
| Geographic subdivision | Great Britain. |
| -- | 0000186211 |
| 650 #0 - SUBJECT ADDED ENTRY--TOPICAL TERM | |
| Topical term or geographic name as entry element | Human body |
| General subdivision | Law and legislation. |
| Geographic subdivision | Great Britain. |
| -- | 0000186212 |
| 650 #0 - SUBJECT ADDED ENTRY--TOPICAL TERM | |
| Topical term or geographic name as entry element | Feminist jurisprudence |
| Geographic subdivision | Great Britain. |
| -- | 0000186213 |
| 700 1# - ADDED ENTRY--PERSONAL NAME | |
| Personal name | Millns, Susan. |
| -- | 0000186214 |
| 852 1# - LOCATION | |
| -- | p11500 KES |
| 908 ## - PUT COMMAND PARAMETER (RLIN) | |
| Put command parameter | 151014 |
| 950 ## - LOCAL HOLDINGS (RLIN) | |
| -- | 1 |
| Withdrawn status | Lost status | Source of classification or shelving scheme | Not for loan | Home library | Current library | Date acquired | Total Checkouts | Full call number | Barcode | Date last seen | Date last checked out | Price effective from | Koha item type |
|---|---|---|---|---|---|---|---|---|---|---|---|---|---|
| Library of Congress Classification | Kabarak, Main Campus | Kabarak, Main Campus | 17/12/2015 | 5 | KD734 .B75 1998 c. 1 | 020920 | 19/12/2019 | 13/11/2019 | 17/12/2015 | General Collection |